00701nam a22001817a 4500999001900000003000400019020001800023082001900041100001500060245016700075260005400242300001000296500004900306546001400355650002500369942001200394952011300406 c291075d291075OSt a9788196139605 a808.89bSIV/VA aSivadas, S aVaayichaalum vaayichaalum theeraattha pusthakam /വായിച്ചാലും വായിച്ചാലും തീരാത്ത പുസ്തകം aThrissurbKerala sasthra sahithya parishathc2023 a111p. aVayichaalum vayichalum theeratha pusthakam aMalayalam aChildrens literature 2ddccBK 00102ddc40708GenaKAUCLVbKAUCLVcGENERALd2024-03-05l0o808.89 SIV/VAp232343r2024-03-05 00:00:00yBK